[Event "DVM U12 2022"]
[Site "München GER"]
[Date "2022.12.27"]
[Round "2"]
[White "Neumeier, Valentina"]
[Black "Limmer, Marco"]
[Result "0-1"]
[Termination "normal"]
[Board "1.2"]
[WhiteElo "1464"]
[BlackElo "1843"]
[WhiteClock "00:14:44"]
[BlackClock "00:50:44"]
[WhiteTeam "SK Kelheim 1920"]
[BlackTeam "TV Tegernsee"]
[PlyCount "86"]
[WhiteFideId "34608222"]
[BlackFideId "34603506"]
[EventCountry "GER"]
[EventRounds "7"]
[EventType "team-swiss"]
[EventDate "2022.12.26"]

1. e4 {[%clk 01:30:59]} e6 {[%clk 01:30:50]} {[%emt 00:00:10]} 2. d4 {[%clk
01:31:23]} {[%emt 00:00:06]} d5 {[%clk 01:31:15]} {[%emt 00:00:05]} 3. exd5
{[%clk 01:31:49]} {[%emt 00:00:05]} exd5 {[%clk 01:31:38]} {[%emt 00:00:08]} 4.
Nf3 {[%clk 01:32:12]} {[%emt 00:00:06]} Bd6 {[%clk 01:31:51]} {[%emt 00:00:17]}
5. Bd3 {[%clk 01:32:20]} {[%emt 00:00:23]} Ne7 {[%clk 01:31:23]} {[%emt
00:00:58]} 6. O-O {[%clk 01:32:19]} {[%emt 00:00:30]} h6 {[%clk 01:31:06]}
{[%emt 00:00:47]} 7. Be3 {[%clk 01:32:00]} {[%emt 00:00:50]} Nbc6 {[%clk
01:30:35]} {[%emt 00:01:01]} 8. c3 {[%clk 01:32:19]} {[%emt 00:00:10]} Bf5
{[%clk 01:30:24]} {[%emt 00:00:40]} 9. Be2 {[%clk 01:28:42]} {[%emt 00:04:08]}
Qd7 {[%clk 01:28:03]} {[%emt 00:02:51]} 10. Nbd2 {[%clk 01:23:32]} {[%emt
00:05:40]} O-O {[%emt 00:03:06]} 11. b3 {[%clk 01:18:58]} {[%emt 00:05:02]} Ba3
{[%clk 01:23:40]} {[%emt 00:02:19]} 12. c4 {[%clk 01:17:19]} {[%emt 00:02:09]}
Bb2 {[%clk 01:18:23]} {[%emt 00:05:47]} 13. Rb1 {[%clk 01:10:21]} {[%emt
00:07:28]} Bxb1 {[%clk 01:18:31]} {[%emt 00:00:22]} 14. Qxb1 {[%clk 01:10:43]}
{[%emt 00:00:07]} Bc3 {[%clk 01:18:33]} {[%emt 00:00:28]} 15. cxd5 {[%clk
01:04:57]} {[%emt 00:06:16]} Nxd5 {[%clk 01:17:08]} {[%emt 00:01:55]} 16. Nc4
{[%clk 01:04:06]} {[%emt 00:01:21]} Bb4 {[%clk 01:13:27]} {[%emt 00:04:11]} 17.
Nfe5 {[%clk 00:59:19]} {[%emt 00:05:16]} Nxe5 {[%clk 01:11:30]} {[%emt
00:02:28]} 18. Nxe5 {[%clk 00:58:20]} {[%emt 00:01:28]} Qe7 {[%clk 01:10:14]}
{[%emt 00:01:47]} 19. Bc4 {[%clk 00:55:58]} {[%emt 00:02:52]} c6 {[%clk
01:09:25]} {[%emt 00:01:19]} 20. Qf5 {[%clk 00:53:04]} {[%emt 00:03:22]} Bd6
{[%clk 01:00:14]} {[%emt 00:09:43]} 21. Ng4 {[%clk 00:50:59]} {[%emt 00:02:34]}
Qe6 {[%clk 00:58:37]} {[%emt 00:02:08]} 22. Qh5 {[%clk 00:46:42]} {[%emt
00:04:33]} f5 {[%clk 00:55:17]} {[%emt 00:04:04]} 23. Nxh6 {[%clk 00:39:23]}
{[%emt 00:07:49]} gxh6 {[%clk 00:55:35]} {[%emt 00:00:12]} 24. Bxh6 {[%clk
00:39:37]} {[%emt 00:00:16]} Rf6 {[%clk 00:53:23]} {[%emt 00:02:42]} 25. Bg5
{[%clk 00:38:02]} {[%emt 00:01:46]} Qf7 {[%clk 00:52:28]} {[%emt 00:01:44]} 26.
Qh3 {[%clk 00:32:50]} {[%emt 00:05:38]} Rg6 {[%clk 00:51:49]} {[%emt 00:01:12]}
27. f4 {[%clk 00:32:13]} {[%emt 00:01:07]} Re8 {[%clk 00:49:37]} {[%emt
00:02:42]} 28. Bd3 {[%clk 00:29:05]} {[%emt 00:03:38]} Rf8 {[%clk 00:46:39]}
{[%emt 00:03:29]} 29. Bh6 {[%clk 00:27:38]} {[%emt 00:01:56]} Qh7 {[%clk
00:46:29]} {[%emt 00:00:41]} 30. Bxf5 {[%clk 00:25:44]} {[%emt 00:02:24]} Rxf5
{[%clk 00:46:36]} {[%emt 00:00:23]} 31. Qxf5 {[%clk 00:22:47]} {[%emt
00:03:27]} Rxg2 {[%clk 00:46:55]} {[%emt 00:00:10]} 32. Kxg2 {[%clk 00:23:02]}
{[%emt 00:00:15]} Qxf5 {[%clk 00:47:19]} {[%emt 00:00:07]} 33. Rf3 {[%clk
00:17:42]} {[%emt 00:05:49]} Bxf4 {[%clk 00:46:53]} {[%emt 00:00:56]} 34. Bxf4
{[%clk 00:17:01]} {[%emt 00:01:12]} Nxf4 {[%clk 00:47:18]} {[%emt 00:00:05]}
35. Kf2 {[%clk 00:15:29]} {[%emt 00:02:01]} Qc2 {[%clk 00:47:25]} {[%emt
00:00:23]} 36. Kg3 {[%clk 00:15:10]} {[%emt 00:00:49]} Ne2 {[%clk 00:47:51]}
{[%emt 00:00:05]} 37. Kh4 {[%clk 00:14:45]} {[%emt 00:00:54]} Qe4 {[%clk
00:48:14]} {[%emt 00:00:07]} 38. Kh5 {[%clk 00:14:20]} {[%emt 00:00:55]} Qxf3
{[%clk 00:48:38]} {[%emt 00:00:06]} 39. Kh4 {[%clk 00:14:38]} {[%emt 00:00:09]}
Qg2 {[%clk 00:49:05]} {[%emt 00:00:05]} 40. Kh5 {[%clk 00:14:36]} {[%emt
00:00:32]} Nxd4 {[%clk 00:49:28]} {[%emt 00:00:07]} 41. b4 {[%clk 00:14:17]}
{[%emt 00:00:50]} Kg7 {[%clk 00:49:51]} {[%emt 00:00:07]} 42. a3 {[%clk
00:14:36]} {[%emt 00:00:11]} Nf5 {[%clk 00:50:18]} {[%emt 00:00:03]} 43. a4
{[%clk 00:14:44]} {[%emt 00:00:23]} Qg6# {[%clk 00:50:44]} {[%emt 00:00:03]}
0-1

[Event "DVM U12 2022"]
[Site "München GER"]
[Date "2022.12.27"]
[Round "2"]
[White "Greive, Jakob"]
[Black "Neumeier, Konstantin"]
[Result "1/2-1/2"]
[Termination "normal"]
[Board "1.3"]
[WhiteElo "1600"]
[BlackElo "1443"]
[WhiteClock "00:05:30"]
[BlackClock "00:20:31"]
[WhiteTeam "TV Tegernsee"]
[BlackTeam "SK Kelheim 1920"]
[PlyCount "67"]
[WhiteFideId "34603476"]
[BlackFideId "34608230"]
[EventCountry "GER"]
[EventRounds "7"]
[EventType "team-swiss"]
[EventDate "2022.12.26"]

1. e4 {[%clk 01:30:56]} {[%emt 00:00:03]} e5 {[%clk 01:30:56]} {[%emt
00:00:04]} 2. Nf3 {[%clk 01:31:16]} {[%emt 00:00:09]} Nc6 {[%clk 01:31:22]}
{[%emt 00:00:05]} 3. Bc4 {[%clk 01:31:26]} {[%emt 00:00:19]} Nf6 {[%clk
01:31:47]} {[%emt 00:00:06]} 4. Ng5 {[%clk 01:31:10]} {[%emt 00:00:46]} d5
{[%clk 01:32:11]} {[%emt 00:00:07]} 5. exd5 {[%clk 01:31:22]} {[%emt 00:00:16]}
Na5 {[%clk 01:32:33]} {[%emt 00:00:09]} 6. Bb5 {[%clk 01:30:40]} {[%emt
00:01:12]} c6 {[%clk 01:32:52]} {[%emt 00:00:13]} 7. dxc6 {[%clk 01:30:24]}
{[%emt 00:00:45]} bxc6 {[%clk 01:33:12]} {[%emt 00:00:10]} 8. Ba4 {[%clk
01:28:04]} {[%emt 00:02:50]} Ng4 {[%clk 01:31:06]} {[%emt 00:02:37]} 9. Qf3
{[%clk 01:20:22]} {[%emt 00:08:10]} Qd7 {[%clk 01:24:31]} {[%emt 00:07:07]} 10.
h3 {[%clk 01:10:00]} {[%emt 00:10:52]} Nf6 {[%clk 01:23:52]} {[%emt 00:01:09]}
11. Qc3 {[%clk 01:08:40]} {[%emt 00:01:49]} Qc7 {[%clk 01:23:33]} {[%emt
00:00:47]} 12. b4 {[%clk 01:07:53]} {[%emt 00:01:19]} Nd5 {[%clk 01:23:05]}
{[%emt 00:00:58]} 13. Qf3 {[%clk 01:05:53]} {[%emt 00:02:29]} Nxb4 {[%clk
01:21:35]} {[%emt 00:02:01]} 14. c3 {[%clk 01:00:49]} {[%emt 00:05:34]} Na6
{[%clk 01:21:31]} {[%emt 00:00:34]} 15. O-O {[%clk 00:57:41]} {[%emt 00:03:38]}
Bd6 {[%clk 01:20:54]} {[%emt 00:01:07]} 16. Qh5 {[%clk 00:53:00]} {[%emt
00:05:04]} Bf5 {[%clk 01:17:20]} {[%emt 00:04:11]} 17. Qe2 {[%clk 00:51:39]}
{[%emt 00:01:50]} Nc5 {[%clk 01:16:38]} {[%emt 00:01:13]} 18. Qd1 {[%clk
00:47:31]} {[%emt 00:04:33]} Qb6 {[%clk 01:05:40]} {[%emt 00:11:33]} 19. Bc2
{[%clk 00:45:01]} {[%emt 00:02:59]} Bxc2 {[%clk 01:01:48]} {[%emt 00:04:23]}
20. Qxc2 {[%clk 00:44:37]} {[%emt 00:00:52]} h6 {[%clk 01:01:03]} {[%emt
00:01:18]} 21. Nf3 {[%clk 00:44:20]} {[%emt 00:00:46]} O-O {[%clk 00:56:34]}
{[%emt 00:04:59]} 22. d3 {[%clk 00:37:01]} {[%emt 00:07:42]} f5 {[%clk
00:52:24]} {[%emt 00:04:46]} 23. Nbd2 {[%clk 00:35:18]} {[%emt 00:02:10]} Rae8
{[%clk 00:49:29]} {[%emt 00:03:27]} 24. d4 {[%clk 00:30:47]} {[%emt 00:05:00]}
Nd7 {[%clk 00:45:52]} {[%emt 00:04:08]} 25. dxe5 {[%clk 00:27:47]} {[%emt
00:03:29]} Nxe5 {[%clk 00:44:48]} {[%emt 00:01:36]} 26. Rb1 {[%clk 00:20:55]}
{[%emt 00:07:21]} Nxf3 {[%clk 00:42:11]} {[%emt 00:03:08]} 27. Nxf3 {[%clk
00:21:00]} {[%emt 00:00:24]} Qc5 {[%clk 00:38:24]} {[%emt 00:04:18]} 28. Nd4
{[%clk 00:17:29]} {[%emt 00:04:00]} Qc4 {[%clk 00:35:03]} {[%emt 00:03:50]} 29.
Nxf5 {[%clk 00:16:08]} {[%emt 00:01:50]} Bh2 {[%clk 00:33:25]} {[%emt
00:02:10]} 30. Kxh2 {[%clk 00:16:06]} {[%emt 00:00:32]} Qxf1 {[%clk 00:33:42]}
{[%emt 00:00:13]} 31. Nxh6 {[%clk 00:14:48]} {[%emt 00:01:48]} Kh8 {[%clk
00:29:19]} {[%emt 00:04:54]} 32. Be3 {[%clk 00:11:23]} {[%emt 00:03:54]} Qc4
{[%clk 00:28:36]} {[%emt 00:01:14]} 33. Ng4 {[%clk 00:06:09]} {[%emt 00:05:43]}
c5 {[%clk 00:20:31]} {[%emt 00:08:36]} 34. Qc1 {[%clk 00:05:30]} {[%emt
00:01:09]} 1/2-1/2

[Event "DVM U12 2022"]
[Site "München GER"]
[Date "2022.12.27"]
[Round "2"]
[White "Sitnik, Arthur"]
[Black "Franzky, Julian"]
[Result "0-1"]
[Termination "normal"]
[Board "1.4"]
[WhiteElo "1253"]
[BlackElo "1505"]
[WhiteClock "00:12:31"]
[BlackClock "00:12:50"]
[WhiteTeam "SK Kelheim 1920"]
[BlackTeam "TV Tegernsee"]
[PlyCount "74"]
[WhiteFideId "34608150"]
[BlackFideId "16291603"]
[EventCountry "GER"]
[EventRounds "7"]
[EventType "team-swiss"]
[EventDate "2022.12.26"]

1. e4 {[%clk 01:30:59]} {[%emt 00:00:01]} e5 {[%clk 01:30:59]} {[%emt
00:00:02]} 2. Nf3 {[%clk 01:31:23]} {[%emt 00:00:05]} Nc6 {[%clk 01:31:25]}
{[%emt 00:00:04]} 3. Bc4 {[%clk 01:31:49]} {[%emt 00:00:04]} Bc5 {[%clk
01:31:31]} {[%emt 00:00:23]} 4. c3 {[%clk 01:32:15]} {[%emt 00:00:04]} Nf6
{[%clk 01:31:57]} {[%emt 00:00:04]} 5. d3 {[%clk 01:32:41]} {[%emt 00:00:05]}
d6 {[%clk 01:32:20]} {[%emt 00:00:07]} 6. O-O {[%clk 01:32:58]} {[%emt
00:00:13]} O-O {[%clk 01:32:19]} {[%emt 00:00:31]} 7. Bg5 {[%clk 01:33:05]}
{[%emt 00:00:23]} Bg4 {[%clk 01:29:16]} {[%emt 00:03:33]} 8. h3 {[%clk
01:33:10]} {[%emt 00:00:24]} Be6 {[%clk 01:28:38]} {[%emt 00:01:08]} 9. Bb5
{[%clk 01:33:16]} {[%emt 00:00:25]} Bd7 {[%clk 01:24:27]} {[%emt 00:04:41]} 10.
Nbd2 {[%clk 01:30:03]} {[%emt 00:03:43]} a6 {[%clk 01:23:37]} {[%emt 00:01:20]}
11. Ba4 {[%clk 01:30:19]} {[%emt 00:00:14]} Nb8 {[%clk 01:20:21]} {[%emt
00:03:46]} 12. Bxd7 {[%clk 01:28:06]} {[%emt 00:02:43]} Nbxd7 {[%clk 01:19:39]}
{[%emt 00:01:12]} 13. d4 {[%clk 01:27:01]} {[%emt 00:01:35]} Ba7 {[%clk
01:15:02]} {[%emt 00:05:06]} 14. Nc4 {[%clk 01:25:52]} {[%emt 00:01:39]} h6
{[%clk 01:06:20]} {[%emt 00:09:11]} 15. Bh4 {[%clk 01:25:51]} {[%emt 00:00:31]}
Re8 {[%clk 00:59:31]} {[%emt 00:07:20]} 16. Re1 {[%clk 01:23:50]} {[%emt
00:02:31]} Kh8 {[%clk 00:54:08]} {[%emt 00:05:53]} 17. Qb3 {[%clk 01:13:02]}
{[%emt 00:11:18]} b6 {[%clk 00:51:52]} {[%emt 00:02:46]} 18. Rad1 {[%clk
01:12:11]} {[%emt 00:01:21]} Qe7 {[%clk 00:50:16]} {[%emt 00:02:05]} 19. Ne3
{[%clk 00:57:22]} {[%emt 00:15:19]} Qe6 {[%clk 00:44:03]} {[%emt 00:06:43]} 20.
d5 {[%clk 00:51:32]} {[%emt 00:06:20]} Qe7 {[%clk 00:43:29]} {[%emt 00:01:04]}
21. Nc2 {[%clk 00:44:50]} {[%emt 00:07:11]} Nc5 {[%clk 00:41:50]} {[%emt
00:02:09]} 22. Qa3 {[%clk 00:42:41]} {[%emt 00:02:40]} a5 {[%clk 00:36:32]}
{[%emt 00:05:48]} 23. b4 {[%clk 00:40:36]} {[%emt 00:02:34]} Nb7 {[%clk
00:35:16]} {[%emt 00:01:47]} 24. Rb1 {[%clk 00:32:01]} {[%emt 00:09:05]} Rg8
{[%clk 00:32:55]} {[%emt 00:02:51]} 25. bxa5 {[%clk 00:29:37]} {[%emt
00:02:53]} Nxa5 {[%clk 00:32:24]} {[%emt 00:01:01]} 26. Nb4 {[%clk 00:29:15]}
{[%emt 00:00:52]} g5 {[%clk 00:31:13]} {[%emt 00:01:41]} 27. Bg3 {[%emt
00:01:05]} Qd7 {[%clk 00:26:52]} {[%emt 00:04:10]} 28. Nd3 {[%clk 00:26:32]}
{[%emt 00:03:19]} Nh5 {[%clk 00:22:40]} {[%emt 00:04:42]} 29. Qc1 {[%clk
00:24:37]} {[%emt 00:02:25]} b5 {[%clk 00:21:43]} {[%emt 00:01:27]} 30. h4
{[%clk 00:22:21]} {[%emt 00:02:46]} f6 {[%clk 00:18:36]} {[%emt 00:03:38]} 31.
hxg5 {[%clk 00:19:25]} {[%emt 00:03:26]} hxg5 {[%clk 00:17:09]} {[%emt
00:01:56]} 32. Kh2 {[%clk 00:17:15]} {[%emt 00:02:40]} Nc4 {[%clk 00:13:55]}
{[%emt 00:03:45]} 33. Rh1 {[%clk 00:16:43]} {[%emt 00:01:01]} Kg7 {[%clk
00:13:33]} {[%emt 00:00:52]} 34. Nxg5 {[%clk 00:13:31]} {[%emt 00:03:42]} Nxg3
{[%clk 00:12:12]} {[%emt 00:01:51]} 35. Ne6 {[%clk 00:13:32]} {[%emt 00:00:29]}
Kf7 {[%clk 00:12:11]} {[%emt 00:00:31]} 36. fxg3 {[%clk 00:13:12]} {[%emt
00:00:50]} Rh8 {[%clk 00:12:28]} {[%emt 00:00:13]} 37. Qh6 {[%clk 00:12:31]}
{[%emt 00:01:11]} Rxh6# {[%clk 00:12:50]} {[%emt 00:00:07]} 0-1

[Event "DVM U12 2022"]
[Site "München GER"]
[Date "2022.12.27"]
[Round "2"]
[White "Meusel, Theodor"]
[Black "Riechenberg, Sebastian"]
[Result "0-1"]
[Termination "normal"]
[Board "2.1"]
[WhiteElo "1449"]
[BlackElo "1771"]
[WhiteClock "00:35:13"]
[BlackClock "00:40:50"]
[WhiteTeam "TSG Oberschöneweide"]
[BlackTeam "SV Erkenschwick 1923"]
[PlyCount "72"]
[WhiteFideId "34617116"]
[BlackFideId "34605231"]
[EventCountry "GER"]
[EventRounds "7"]
[EventType "team-swiss"]
[EventDate "2022.12.26"]

1. c4 {[%clk 01:30:58]} {[%emt 00:00:01]} e6 {[%clk 01:30:20]} {[%emt
00:00:41]} 2. g3 {[%clk 01:31:26]} {[%emt 00:00:02]} d5 {[%clk 01:30:12]}
{[%emt 00:00:37]} 3. Bg2 {[%clk 01:31:11]} {[%emt 00:00:45]} Nf6 {[%clk
01:30:18]} {[%emt 00:00:24]} 4. d4 {[%clk 01:31:24]} {[%emt 00:00:17]} Bb4
{[%clk 01:29:51]} {[%emt 00:00:57]} 5. Bd2 {[%clk 01:31:15]} {[%emt 00:00:39]}
Bxd2 {[%clk 01:27:48]} {[%emt 00:02:34]} 6. Nxd2 {[%clk 01:31:31]} {[%emt
00:00:13]} c6 {[%clk 01:27:44]} {[%emt 00:00:33]} 7. Ngf3 {[%clk 01:31:29]}
{[%emt 00:00:32]} Nbd7 {[%clk 01:27:43]} {[%emt 00:00:31]} 8. O-O {[%clk
01:31:22]} {[%emt 00:00:37]} O-O {[%clk 01:27:51]} {[%emt 00:00:22]} 9. Qc2
{[%clk 01:27:27]} {[%emt 00:04:25]} Re8 {[%clk 01:26:58]} {[%emt 00:01:24]} 10.
Ne5 {[%clk 01:24:23]} {[%emt 00:03:33]} Nxe5 {[%clk 01:25:00]} {[%emt
00:02:29]} 11. dxe5 {[%clk 01:24:36]} {[%emt 00:00:17]} Ng4 {[%clk 01:23:24]}
{[%emt 00:02:05]} 12. Nf3 {[%clk 01:23:50]} {[%emt 00:01:16]} Qc7 {[%clk
01:22:15]} {[%emt 00:01:40]} 13. Qc3 {[%clk 01:23:33]} {[%emt 00:00:43]} Bd7
{[%clk 01:17:19]} {[%emt 00:05:30]} 14. h3 {[%clk 01:23:09]} {[%emt 00:00:54]}
Nh6 {[%clk 01:17:22]} {[%emt 00:00:27]} 15. g4 {[%clk 01:19:29]} {[%emt
00:04:09]} Kh8 {[%clk 01:16:38]} {[%emt 00:01:15]} 16. Ng5 {[%clk 01:18:11]}
{[%emt 00:01:49]} Rf8 {[%clk 01:09:56]} {[%emt 00:07:12]} 17. cxd5 {[%clk
01:16:40]} {[%emt 00:02:01]} exd5 {[%clk 01:09:21]} {[%emt 00:01:05]} 18. Bxd5
{[%clk 01:16:55]} {[%emt 00:00:15]} Qd8 {[%clk 01:09:26]} {[%emt 00:00:24]} 19.
Nxh7 {[%clk 01:05:37]} {[%emt 00:11:48]} Kxh7 {[%clk 01:09:26]} {[%emt
00:00:31]} 20. Be4 {[%clk 01:02:28]} {[%emt 00:03:39]} g6 {[%clk 01:08:10]}
{[%emt 00:01:45]} 21. Rfd1 {[%clk 01:01:07]} {[%emt 00:01:51]} Qe7 {[%clk
01:07:53]} {[%emt 00:00:47]} 22. Rd6 {[%clk 00:58:56]} {[%emt 00:02:39]} Be6
{[%clk 01:06:45]} {[%emt 00:01:39]} 23. Qd3 {[%clk 00:53:47]} {[%emt 00:05:39]}
Rad8 {[%clk 01:05:08]} {[%emt 00:02:08]} 24. Rd1 {[%clk 00:53:34]} {[%emt
00:00:42]} Rxd6 {[%clk 01:03:48]} {[%emt 00:01:50]} 25. exd6 {[%clk 00:53:26]}
{[%emt 00:00:38]} Qd7 {[%clk 01:04:00]} {[%emt 00:00:18]} 26. a3 {[%clk
00:51:47]} {[%emt 00:02:09]} f5 {[%clk 01:02:57]} {[%emt 00:01:32]} 27. gxf5
{[%clk 00:49:00]} {[%emt 00:03:17]} Bxf5 {[%clk 01:01:48]} {[%emt 00:01:40]}
28. Bxf5 {[%emt 00:00:35]} Nxf5 {[%clk 00:56:19]} {[%emt 00:05:57]} 29. e4
{[%clk 00:48:42]} {[%emt 00:00:44]} Nh4 {[%clk 00:55:14]} {[%emt 00:01:35]} 30.
Qg3 {[%clk 00:44:58]} {[%emt 00:04:14]} g5 {[%clk 00:49:33]} {[%emt 00:06:12]}
31. e5 {[%clk 00:44:24]} {[%emt 00:01:05]} Kh6 {[%clk 00:43:02]} {[%emt
00:07:00]} 32. e6 {[%clk 00:36:10]} {[%emt 00:08:43]} Qxe6 {[%clk 00:43:05]}
{[%emt 00:00:27]} 33. d7 {[%clk 00:35:49]} {[%emt 00:00:52]} Qe7 {[%clk
00:43:01]} {[%emt 00:00:34]} 34. Rd6 {[%clk 00:35:53]} {[%emt 00:00:26]} Ng6
{[%clk 00:40:29]} {[%emt 00:03:01]} 35. Rxg6 {[%clk 00:35:14]} {[%emt
00:01:09]} Kxg6 {[%clk 00:40:33]} {[%emt 00:00:25]} 36. Qd3 {[%clk 00:35:13]}
{[%emt 00:00:32]} Kh6 {[%clk 00:40:50]} {[%emt 00:00:13]} 0-1